02166nas a2200253 454500001000500000005001700005008003700022003001500059040004000074080015300114245006500267022001400332264009000346310021500436505096200651041000801613100002001621700007201641650002201713650002901735650002701764650002201791856009901813754120260407193504.0260407s1954####ag###########|||spa#dAR-UNSa-BCEJYS aAR-UNSa-BCEJYSbspacAR-UNSa-BCEJYS a338xSituación económica. Política económica. Gestión de la economía. Planificación de la economía. Producción. Servicios. Precios10aEconómicapRevista de la Facultad de Ciencias Económicas a0013-0419 1aLa Plata :bUniversidad Nacional de la Plata. Facultad de Ciencias Económicasc1954 aFrecuencia: Irregular Cambia de Dir. a partir del Nº 34 por Benigno Rodríguez Meitín Cambia de Dir. a partir del Nº 39 por Armando V.Lago Cambia de Dir. a partir del Nº 3 año XIV por Mario L.Szychowski aDe 1952 a 1955 la Universidad se llamó Universidad Nacional Eva Perón, cuando la ciudad de La Plata, pasó a denominarse Ciudad Eva Perón. Económica es una revista científica de interés general y publicación anual, fundada en 1954 y editada por la Facultad de Ciencias Económicas de la Universidad Nacional de La Plata. Siguiendo un proceso de referato anónimo con árbitros externos, Económica publica artículos de excelencia académica en todos los campos de la economía. Desde su fundación y hasta 2007 se editó en formato tradicional con edición impresa. A partir de 2008, el formato de edición on-line reemplazó al sistema anterior. En la actualidad se mantiene una edición impresa limitada principalmente para su distribución a bibliotecas, universidades y otras instituciones académicas. Otros usuarios particulares e institucionales son invitados a acceder gratuitamente a la versión on-line. Comienza  aspa1 aPopescu, Oreste1 aUniversidad Nacional de la Plata. Facultad de Ciencias Económicas aCiclo económico aCondiciones económicas aPolítica económica aPolítica fiscal41uhttps://biblioeco.unsa.edu.ar/pmb/images/revistas/Economica.jpgyImagen de portadaqimage/jpeg